[Event "Oslo CC-chB"]
[Site "Oslo"]
[Date "2018.11.18"]
[Round "5"]
[White "Edakina, Anastasia"]
[Black "Rolstad, Morten"]
[Result "1-0"]
[WhiteElo "1661"]
[BlackElo "1850"]
[PlyCount "125"]
[EventDate "2018.09.06"]
[EventType "swiss"]
[EventRounds "9"]
[EventCountry "NOR"]
[SourceTitle "EXT 2024"]
[Source "ChessBase"]
[SourceDate "2023.10.10"]
[SourceVersion "1"]
[SourceVersionDate "2023.10.10"]
[SourceQuality "1"]

1. e4 e5 2. Nf3 Nc6 3. d4 exd4 4. Nxd4 Nf6 5. Nxc6 bxc6 6. e5 Qe7 7. Qe2 Nd5 8. c4 Nb6 9. g3 Qe6 10. Nd2 a5 11. b3 Bb4 12. Bb2 Ba6 13. Bg2 0-0 14. 0-0 d5 15. Rac1 Bxd2 16. Qxd2 dxc4 17. Rfd1 cxb3 18. Rxc6 Qe7 19. axb3 Rfd8 20. Qc2 Rxd1+ 21. Qxd1 Rd8 22. Qc2 Qb4 23. Bc3 Qg4 24. h3 Qd1+ 25. Qxd1 Rxd1+ 26. Kh2 Rb1 27. Bxa5 Rxb3 28. Rxc7 Nc8 29. Bf1 Bb7 30. Bg2 Ba6 31. Rxf7 Ra3 32. Bb4 Kxf7 33. Bxa3 Ke6 34. f4 g5 35. Be4 h6 36. Bc5 Bc4 37. Kg2 Bb3 38. Kf2 Bd1 39. Ke3 g4 40. h4 Ba4 41. Kd4 Ne7 42. Bxe7 Kxe7 43. f5 Bb3 44. Bd5 Bc2 45. f6+ Kf8 46. e6 Bg6 47. Ke5 Ke8 48. Kd6 h5 49. f7+ Bxf7 50. exf7+ Kf8 51. Kd7 Kg7 52. Ke8 Kg6 53. Be4+ Kf6 54. f8Q+ Ke5 55. Qf5+ Kd4 56. Kd7 Ke3 57. Kd6 Kd4 58. Qd5+ Ke3 59. Qd3+ Kf2 60. Ke5 Kg1 61. Qd2 Kf1 62. Kd4 Kg1 63. Qg2# 1-0

[Event "Oslo CC-chB"]
[Site "Oslo"]
[Date "2018.11.15"]
[Round "8"]
[White "Rolstad, Morten"]
[Black "Erikstad, Olav Age"]
[Result "0-1"]
[WhiteElo "1850"]
[BlackElo "1749"]
[PlyCount "68"]
[EventDate "2018.09.06"]
[EventType "swiss"]
[EventRounds "9"]
[EventCountry "NOR"]
[SourceTitle "EXT 2024"]
[Source "ChessBase"]
[SourceDate "2023.10.10"]
[SourceVersion "1"]
[SourceVersionDate "2023.10.10"]
[SourceQuality "1"]

1. e4 e5 2. Nf3 Nc6 3. Bb5 a6 4. Ba4 Nf6 5. 0-0 Be7 6. Re1 b5 7. Bb3 0-0 8. c3 d5 9. exd5 Nxd5 10. Nxe5 Nxe5 11. Rxe5 Nf6 12. h3 Bd6 13. Re1 Bb7 14. d4 Nd5 15. Qg4 Nf6 16. Qh4 Re8 17. Rxe8+ Qxe8 18. Be3 Qc6 19. f3 Re8 20. Kf2 Nd5 21. Qh5 Qd7 22. Bxd5 Bxd5 23. Nd2 Qe6 24. Re1 g6 25. Qh6 Qf5 26. Re2 Qd3 27. g4 Bg3+ 28. Kf1 Bc4 29. Nxc4 Qd1+ 30. Kg2 Qxe2+ 31. Kxg3 bxc4 32. Bg5 Qe1+ 33. Kf4 Qc1+ 34. Kg3 Qg1+ 0-1

[Event "Helsingor Xtracon op"]
[Site "Helsingor"]
[Date "2018.07.26"]
[Round "7"]
[White "Rosell, Sven"]
[Black "Rolstad, Morten"]
[Result "1/2-1/2"]
[WhiteElo "1983"]
[BlackElo "1805"]
[PlyCount "83"]
[EventDate "2018.07.21"]
[EventType "swiss"]
[EventRounds "10"]
[EventCountry "DEN"]
[SourceTitle "CBM 185 Extra"]
[Source "ChessBase"]
[SourceDate "2018.07.29"]
[SourceVersion "1"]
[SourceVersionDate "2018.07.29"]
[SourceQuality "1"]

1. c4 c5 2. Nf3 g6 3. Nc3 Bg7 4. g3 Nc6 5. Bg2 e5 6. d3 Nge7 7. 0-0 0-0 8. Bd2 d6 9. a3 h6 10. Rb1 a5 11. e4 Rb8 12. Nd5 b5 13. b4 axb4 14. axb4 Nxd5 15. cxd5 Nxb4 16. Bxb4 cxb4 17. Qb3 Qb6 18. Qxb4 Bg4 19. h3 Bxf3 20. Bxf3 Rfc8 21. Rb2 Rc5 22. Ra1 Rbc8 23. Bg4 Rc2 24. Rf1 R8c3 25. Rxc2 Rxc2 26. Bd7 Bf6 27. Qxb5 Bd8 28. Be8 Qxb5 29. Bxb5 Bb6 30. Kg2 Kg7 31. g4 g5 32. Kf3 Bc5 33. Ba4 Ra2 34. Bd1 Ra1 35. Be2 Rxf1 36. Bxf1 Kf6 37. Ke2 Ke7 38. f3 Kd7 39. Kd2 Kc7 40. Kc3 Kb7 41. Kb3 Bg1 42. Kb4 1/2-1/2

[Event "Fagernes TV2 Elo op"]
[Site "Fagernes"]
[Date "2017.04.13"]
[Round "6"]
[White "Leonhardsen, Vebjorn Maanum"]
[Black "Rolstad, Morten"]
[Result "0-1"]
[WhiteElo "1282"]
[BlackElo "1668"]
[PlyCount "78"]
[EventDate "2017.04.09"]
[EventType "swiss"]
[EventRounds "9"]
[EventCountry "NOR"]
[SourceTitle "CBM 177 Extra"]
[Source "ChessBase"]
[SourceDate "2017.04.27"]
[SourceVersion "1"]
[SourceVersionDate "2017.04.27"]
[SourceQuality "1"]

1. d4 Nf6 2. Nf3 d5 3. Bf4 c5 4. e3 Nc6 5. Bb5 Bf5 6. Ne5 Rc8 7. Nd2 Qb6 8. c4 cxd4 9. Qb3 e6 10. Bxc6+ bxc6 11. Qxb6 axb6 12. exd4 Nd7 13. Nxd7 Kxd7 14. Ke2 Bd6 15. Bxd6 Kxd6 16. a4 Ra8 17. Ra3 c5 18. dxc5+ bxc5 19. cxd5 exd5 20. b3 Rhe8+ 21. Kf3 Bd3 22. Rha1 Be2+ 23. Kf4 Rec8 24. Rc1 Rc7 25. a5 Rca7 26. Rca1 f6 27. f3 Bb5 28. h4 Bd7 29. Rd1 Kc6 30. Rda1 Kb5 31. Nb1 Kb4 32. Nd2 Rxa5 33. Rxa5 Rxa5 34. Re1 Kc3 35. Re7 Kxd2 36. Rxd7 d4 37. Ke4 Rb5 38. Kd5 Kc3 39. b4 Kxb4 0-1

[Event "Oslo-ch"]
[Site "Oslo"]
[Date "2017.??.??"]
[Round "7"]
[White "Rolstad, Morten"]
[Black "Tunsjo, Axel"]
[Result "1-0"]
[WhiteElo "1753"]
[BlackElo "1519"]
[PlyCount "75"]
[EventDate "2017.08.16"]
[EventType "swiss"]
[EventRounds "9"]
[EventCountry "NOR"]
[SourceTitle "EXT 2024"]
[Source "ChessBase"]
[SourceDate "2023.10.10"]
[SourceVersion "1"]
[SourceVersionDate "2023.10.10"]
[SourceQuality "1"]

1. e4 c5 2. Nf3 e6 3. b3 Nc6 4. Bb2 a6 5. g3 d6 6. Bg2 Nf6 7. Qe2 e5 8. 0-0 Be7 9. c3 Bg4 10. h3 Bh5 11. d3 h6 12. Nbd2 0-0 13. Nc4 b5 14. Ne3 Nh7 15. Nf5 Ng5 16. g4 Bg6 17. Nd2 Ne6 18. Qf3 Rc8 19. Rfd1 Bxf5 20. gxf5 Nf4 21. Nf1 Bg5 22. Ng3 b4 23. cxb4 Nxb4 24. Bf1 Nc2 25. Rac1 Nd4 26. Bxd4 cxd4 27. Rc4 Qa5 28. Ra4 Qb6 29. Rc4 Rc5 30. Qg4 Ra5 31. h4 Be7 32. Rd2 d5 33. exd5 Nxd5 34. Nh5 g6 35. Bg2 Nc3 36. Rc6 Qd8 37. Rxg6+ Kh7 38. Rxh6+ 1-0

[Event "Helsingor Xtracon op"]
[Site "Helsingor"]
[Date "2016.07.26"]
[Round "5"]
[White "Rolstad, Morten"]
[Black "Skjolingstad, Sverre"]
[Result "0-1"]
[WhiteElo "1720"]
[BlackElo "1509"]
[PlyCount "58"]
[EventDate "2016.07.23"]
[EventType "swiss"]
[EventRounds "10"]
[EventCountry "DEN"]
[SourceTitle "CBM 173 Extra"]
[Source "ChessBase"]
[SourceDate "2016.08.29"]
[SourceVersion "1"]
[SourceVersionDate "2016.08.29"]
[SourceQuality "1"]

1. e4 c5 2. Nf3 e6 3. d4 cxd4 4. Nxd4 Nc6 5. Nc3 Qc7 6. Be3 a6 7. Qd2 Nf6 8. 0-0-0 Bb4 9. f3 d5 10. a3 Be7 11. exd5 Nxd5 12. Nxd5 exd5 13. Bd3 Bf6 14. Bf4 Ne5 15. Rhe1 0-0 16. Bg3 Nxd3+ 17. Qxd3 Qb6 18. Be5 Bd7 19. Bxf6 Qxf6 20. Re2 Rfe8 21. Red2 Bc6 22. Ne2 Bb5 23. Qxd5 Bxe2 24. Re1 Bb5 25. Rxe8+ Rxe8 26. Qxb7 Re1+ 27. Rd1 Qf4+ 28. Kb1 Rxd1+ 29. Ka2 Qc4+ 0-1

[Event "Stjernen CC-ch B"]
[Site "Oslo"]
[Date "2016.??.??"]
[Round "4"]
[White "Rolstad, Morten"]
[Black "Grindbakken, Erik"]
[Result "1-0"]
[WhiteElo "1628"]
[BlackElo "1573"]
[PlyCount "95"]
[EventDate "2016.02.02"]
[EventType "swiss"]
[EventRounds "9"]
[EventCountry "NOR"]
[SourceTitle "EXT 2024"]
[Source "ChessBase"]
[SourceDate "2023.10.10"]
[SourceVersion "1"]
[SourceVersionDate "2023.10.10"]
[SourceQuality "1"]

1. e4 c6 2. d4 d5 3. Nc3 h6 4. exd5 cxd5 5. Bf4 a6 6. Nf3 Bg4 7. h3 Bxf3 8. Qxf3 e6 9. Bd3 Nc6 10. Ne2 Qb6 11. c3 Nf6 12. 0-0 Rc8 13. Rfe1 Na5 14. Be5 Qd8 15. Nf4 Be7 16. Nxe6 fxe6 17. Bg6+ Kd7 18. Bf7 Rc6 19. Qe2 Rf8 20. Bg6 Nc4 21. Bh2 Ne8 22. b3 Nb6 23. c4 Rf6 24. Bd3 Qc8 25. c5 Na8 26. a4 Nac7 27. b4 Na8 28. b5 Rc7 29. bxa6 Rc6 30. axb7 Qxb7 31. Reb1 Qa7 32. Rb4 Nac7 33. Rab1 Kc8 34. Qa2 Bxc5 35. dxc5 Qxc5 36. Be5 Rf7 37. Bd4 Qe7 38. Rb8+ Kd7 39. a5 Na6 40. R8b7+ Nec7 41. Bxa6 Rxa6 42. Qa4+ Rc6 43. a6 Rf8 44. Rxc7+ Kxc7 45. Rb7+ Kd8 46. Rxe7 Rc1+ 47. Kh2 Kxe7 48. Qa3+ 1-0

[Event "Oslo Stjernens op"]
[Site "Oslo"]
[Date "2015.11.08"]
[Round "5"]
[White "Rolstad, Morten"]
[Black "Tunsjo, Axel"]
[Result "1-0"]
[WhiteElo "1411"]
[BlackElo "1000"]
[PlyCount "75"]
[EventDate "2015.11.06"]
[EventType "swiss"]
[EventRounds "5"]
[EventCountry "NOR"]
[SourceTitle "CBM 169 Extra"]
[Source "ChessBase"]
[SourceDate "2015.12.18"]
[SourceVersion "1"]
[SourceVersionDate "2015.12.18"]
[SourceQuality "1"]

1. e4 c5 2. Nf3 Nc6 3. Bb5 e6 4. Bxc6 bxc6 5. 0-0 Bb7 6. Re1 d5 7. d3 Be7 8. Nbd2 Nf6 9. c4 0-0 10. b3 Qc7 11. Bb2 d4 12. e5 Nd7 13. Nf1 f6 14. Qe2 fxe5 15. Nxe5 Nxe5 16. Qxe5 Qxe5 17. Rxe5 Bc8 18. Ba3 Bd6 19. Re2 Rf6 20. Nd2 e5 21. Ne4 Rg6 22. Nxd6 Rxd6 23. Rxe5 Rg6 24. Rae1 Bh3 25. g3 Rf8 26. Bxc5 Rf3 27. Re8+ Kf7 28. R1e7+ Kf6 29. Rf8+ Kg5 30. Rxf3 Re6 31. Rxe6 Bxe6 32. Bxd4 Bg4 33. Re3 c5 34. Re5+ Kh6 35. Be3+ g5 36. Rxg5 Bd7 37. Rd5+ Kg7 38. Rxd7+ 1-0